00000000nam##2200000za#4500
0019.698172
003CaOODSP
00520210624235817
007cr |||||||||||
008150407|2002||||xxc|||||o    f|0| 0 eng|d
040 |aCaOODSP|beng
043 |an-cn---
0861 |aRH64-104/2002E-PDF
1101 |aCanada.|bHuman Resources Development Canada. |bStrategic Policy.
24510|aEvaluation of the Federal Contractors Program : |h[electronic resource]|bfinal report / |c[by] Evaluation and Data Development.
260 |aOttawa - Ontario : |bHuman Resources Development Canada. |cApril 2002.
300 |a69p.|bfigs., tables
590 |a13-16-Supp|b2013-07-12
77508|tÉvaluation du Programme de contrats fédéraux : |w(CaOODSP)9.642165
85640|ahttp://publications.gc.ca|qPDF|s427 KB|uhttps://publications.gc.ca/collections/collection_2013/rhdcc-hrsdc/RH64-104-2002-eng.pdf
986 |aSP-AH183-04-02E